QWERTY order sequences beat the clock - Statistics

General Stats
  • This quiz has been taken 130 times
  • The average score is 10 of 15
Answer Stats
Name the letter in QWERTY order Answer % Correct
After U I
100%
Before D S
96%
Before B V
95%
Before P O
93%
After X C
89%
After R T
85%
After Y U
85%
Before J H
81%
After P A
75%
Before Z L
64%
Before Y T
48%
After S D
43%
Before E W
37%
After D F
30%
After Y U
20%
No matching quizzes found
Score Distribution
Percent of People with Each Score
Percentile by Number Answered
Your Score History
You have not taken this quiz